Geographie Fakten-Richtig oder Falsch #1 - Statistiken

Allgemein
  • Dieses Quiz wurde 236 mal gespielt
    233 seit der letzten Aktualisierung
  • Das Durchschnittsergebnis liegt bei 10 aus 15
Antwortstatistiken
Frage Antwort % Korrekt
In Kanada wird englisch und französisch gesprochen Richtig
98%
Die Hauptstadt der USA ist New York Falsch
93%
Die Antarktis ist die größte Wüste Richtig
93%
Die Hauptstadt von Portugal ist in der Landessprache: Lisboa Richtig
85%
Der Aralsee schrumpft Richtig
85%
Usa ist das 2. Größte Land der Welt Falsch
80%
Die Hauptstadt von Belize ist Belize-Stadt Falsch
73%
Kaliningrad hieß früher Königsberg Richtig
68%
Eswatini grenzt an nur 1 Land Falsch
65%
Nordkorea wird auch "Demokratische Volksrepublik Korea" genannt Richtig
65%
Das Land mit den meisten Zeitzonen ist Frankreich Richtig
63%
Spanien grenzt an das Vereinigte Königreich Richtig
58%
Die Sahara ist die trockenste Wüste Falsch
50%
Der Victoria See liegt unter anderem in Ruanda Falsch
35%
Auf Borneo liegen 2 Länder Falsch
33%
Keine übereinstimmenden Quizze gefunden
Verteilung der Resultate
Anzahl Personen mit jedem Resultat
Perzentil nach korrekt beantworteten Fragen
Ihre Resultats-Entwicklung
Sie haben dieses Quiz seit der letzten Aktualisierung nicht gespielt